| Tag |
First Indicator |
Second Indicator |
Subfields |
| LEADER |
00000cam a22000007a 4500 |
| 001 |
in00000004097 |
| 005 |
20151007051330.0 |
| 008 |
990701s1999 vauab b f000 0 eng d |
| 035 |
|
|
|a (OCoLC)41635774
|
| 035 |
|
|
|9 AJH8566AM
|
| 040 |
|
|
|a GPO
|c GPO
|d DLC
|d MvI
|d UtOrBLW
|
| 043 |
|
|
|a n-us-sc
|
| 049 |
|
|
|a UDOC
|
| 074 |
|
|
|a 0621-L
|
| 086 |
0 |
|
|a I 19.127:130-98
|
| 100 |
1 |
|
|a Reuber, Eric J.
|
| 245 |
1 |
0 |
|a Shallow ground-water quality in the coastal plain of Columbia, South Carolina, 1996 :
|b National Water-Quality Assessment Program.
|
| 246 |
2 |
|
|a Shallow ground water quality in the coastal plain of Columbia, South Carolina, 1996
|
| 246 |
3 |
0 |
|a National Water-Quality Assessment Program
|
| 264 |
|
1 |
|a [Reston, Va.] :
|b [U.S. Dept. of the Interior, U.S. Geological Survey],
|c [1999]
|
| 300 |
|
|
|a 1 folded pages (6 pages) :
|b illustrations (some color), color maps ;
|c 28 cm.
|
| 336 |
|
|
|a text
|b txt
|2 rdacontent
|
| 337 |
|
|
|a unmediated
|b n
|2 rdamedia
|
| 338 |
|
|
|a volume
|b nc
|2 rdacarrier
|
| 490 |
1 |
|
|a Fact sheet ;
|v FS-130-98
|
| 500 |
|
|
|a Shipping list number: 99-0270-P.
|
| 500 |
|
|
|a "April 1999"--P. [1].
|
| 504 |
|
|
|a Includes bibliographical references (page [6]).
|
| 650 |
|
0 |
|a Groundwater
|z South Carolina
|z Columbia Region
|x Quality.
|
| 650 |
|
0 |
|a Land use
|x Environmental aspects
|z South Carolina
|z Columbia Region.
|
| 650 |
|
0 |
|a Volatile organic compounds
|z South Carolina
|z Columbia Region
|x Physiological effect.
|
| 710 |
2 |
|
|a Geological Survey (U.S.)
|
| 830 |
|
0 |
|a Fact sheet (Geological Survey (U.S.)) ;
|v FS 98-130.
|
| 999 |
|
|
|a MARS
|
| 999 |
f |
f |
|s 3b82934b-184c-3003-9647-d5c8881c5f29
|i 707f588f-b2b6-34a5-aa75-3a419dcb8891
|t 0
|
| 952 |
f |
f |
|p normal
|a Texas A&M University
|b College Station
|c Sterling C. Evans Library
|d Evans: US Documents (Annex 5th floor)
|t 0
|e I 19.127:130-98
|h Superintendent of Documents classification
|i unmediated -- volume
|m A14824270195
|
| 998 |
f |
f |
|a I 19.127:130-98
|t 0
|l Evans: US Documents (Annex 5th floor)
|